| 000 | 00676nam a2200193 a 4500 | ||
|---|---|---|---|
| 001 | 000044268 | ||
| 005 | 20201002045245.0 | ||
| 008 | 140612s2007 dr 000 0 spa d | ||
| 040 |
_aDO-SdBNP _bspa _cBNPHU |
||
| 082 |
_axxxxx _bxxxxx |
||
| 100 | 1 |
_aAlmonte, Francisco _924304 |
|
| 245 | 1 | 0 |
_aIntimismo en la poética de León David / _cFrancisco Almonte. |
| 260 |
_aSanto Domingo : _bUASD, _c2007. |
||
| 300 |
_a126 p. ; _c23 cm. |
||
| 490 | 1 |
_aPublicaciones de la Universidad Aútonoma de Santo Domingo _v1330 |
|
| 490 | 1 |
_aLiteratura y sociedad _v69 |
|
| 830 | 0 |
_aPublicaciones de la Universidad de Santo Dominingo _n1330 _972269 |
|
| 830 | 0 |
_aLiteratura y sociedad _n69 _972270 |
|
| 999 |
_c43757 _d43757 |
||